|
|
|
|
| LEADER |
00000nas a22000001a 4500 |
| 001 |
vtls010299847 |
| 003 |
SK-MaSNL |
| 005 |
20260228163319.0 |
| 008 |
110810d19601965xo x p r 0 b0slo |
| 015 |
|
|
|a SNBDS17XX9999
|
| 015 |
|
|
|a 1266
|2 Balúnová 1945-60
|
| 015 |
|
|
|a 0539
|2 Janů 1961-65
|
| 038 |
|
|
|a SNKBUDS
|
| 040 |
|
|
|a SNK
|b slo
|c SNK
|e AACR2
|
| 041 |
0 |
|
|a slo
|
| 044 |
|
|
|a xo
|c SK
|
| 080 |
|
|
|a 017
|2 2001
|
| 080 |
|
|
|a 027.021
|2 2001
|
| 080 |
|
|
|a 5
|2 2001
|
| 080 |
|
|
|a 186.521
|2 2001
|
| 245 |
0 |
0 |
|a Prírastky Univerzitnej knižnice v Bratislave - Prírodné vedy
|b výber zo zahraničnej literatúry
|
| 260 |
|
|
|a Bratislava
|b Univerzitná knižnica v Bratislave
|c 1960-1965
|
| 300 |
|
|
|a roč.
|c 30 x 20 cm
|
| 310 |
|
|
|a 6x ročne
|
| 362 |
0 |
|
|a Č. 1 (1960)-č. 12 (1965)
|
| 500 |
|
|
|a Vych. v Bratislave 6x ročne vo formáte 30 x 20 cm, od 1/1961 20 x 20,5 cm
|
| 500 |
|
|
|a Red. sa neuvádza
|
| 500 |
|
|
|a Vyd. Univerzitná knižnica v Bratislave, len pre vnútornú potrebu
|
| 500 |
|
|
|a Tlač. rozmnož. cyklostylom
|
| 505 |
8 |
0 |
|g Roč. 1960 6 č. po 3-4 s.
|
| 505 |
8 |
0 |
|g Roč. 1961 6 č. po 3-6 s.
|
| 505 |
8 |
0 |
|g Roč. 1962 6 č. po 4-6 s.
|
| 505 |
8 |
0 |
|g Roč. 1963 10 č. po 4-17 s.
|
| 505 |
8 |
0 |
|g Roč. 1964 12 č. po 8-19 s.
|
| 505 |
8 |
0 |
|g Roč. 1965 12 č. po 10-12 s.
|
| 580 |
|
|
|a Nadviazal na ročník 1959 Prírastky Univerzitnej knižnice v Bratislave
|
| 610 |
2 |
7 |
|a Univerzitná knižnica v Bratislave
|2 SNKBUDS
|9 192279
|
| 650 |
0 |
7 |
|a vedecké knižnice
|2 SNKPH
|9 49795
|
| 650 |
0 |
7 |
|a odborná literatúra
|2 SNKPH
|9 63941
|
| 650 |
0 |
7 |
|a prírodné vedy
|2 SNKPH
|9 694
|
| 655 |
|
7 |
|a informačné časopisy
|2 SNKBUDS
|9 267527
|
| 710 |
2 |
|
|a Univerzitná knižnica v Bratislave
|9 192279
|
| 780 |
0 |
0 |
|t Prírastky Univerzitnej knižnice v Bratislave
|
| 852 |
|
|
|a SNK
|b 10000
|h ČSB 1483
|
| 852 |
|
|
|a UKB
|b 300000
|h SB 4594
|
| 852 |
|
|
|a SVKKK
|b 900000
|h C 249
|
| 852 |
|
|
|a UKB
|b 300000
|h 20 B 2999
|
| 852 |
|
|
|a UKB
|b 300000
|h 26 B 3389
|
| 999 |
|
|
|c 9211
|d 11141
|